CONCISE OF MEDICAL LABORATORY TECHNOLOGY (Record no. 11317)

MARC details
000 -LEADER
fixed length control field 00337nam a22001457a 4500
003 - CONTROL NUMBER IDENTIFIER
control field SGT
020 ## - INTERNATIONAL STANDARD BOOK NUMBER
International Standard Book Number 978-93-5152333-8
082 ## - DEWEY DECIMAL CLASSIFICATION NUMBER
Classification number 612.015
Item number C15S
100 ## - MAIN ENTRY--PERSONAL NAME
Personal name SOOD, RAMNIC
245 ## - TITLE STATEMENT
Title CONCISE OF MEDICAL LABORATORY TECHNOLOGY
260 ## - PUBLICATION, DISTRIBUTION, ETC. (IMPRINT)
Place of publication, distribution, etc NEW DELHI
Name of publisher, distributor, etc JAYPEE PUB
Year of Publication 2015
300 ## - PAGE DESCRIPTION
No. of Pages 1057
650 ## - SUBJECT ADDED ENTRY--TOPICAL TERM
Topical term or geographic name as entry element AYURVEDA
942 ## - ADDED ENTRY ELEMENTS (KOHA)
Source of classification or shelving scheme Dewey Decimal Classification
Koha item type Books
942 ## - ADDED ENTRY ELEMENTS (KOHA)
-- 1
Holdings
Withdrawn status Lost status Source of classification or shelving scheme Damaged status Not for loan Collection code Home library Current library Shelving location Date acquired Vendor Name Cost, normal purchase price SGTU Bill Number Total Checkouts Full call number Accession No. (Barcode) Date last seen Date last borrowed Bill Date Koha item type Use restrictions
    Dewey Decimal Classification     AYURVEDA SGT FA-FP Library SGT FA-FP Library Text Book 27/03/2017 AHUJA PUB 850.00 SGTU 7718 1 612.015 C15S FA5546 29/01/2020 10/01/2020 11/02/2017 Books  
    Dewey Decimal Classification     AYURVEDA SGT FA-FP Library SGT FA-FP Library Text Book 27/03/2017 AHUJA PUB 850.00 SGTU 7718 1 612.015 C15S FA5547 24/05/2023 24/05/2023 11/02/2017 Books  
    Dewey Decimal Classification     AYURVEDA SGT FA-FP Library SGT FA-FP Library Text Book 27/03/2017 AHUJA PUB 850.00 SGTU 7718   612.015 C15S FA5548 27/03/2017   11/02/2017 Books  
    Dewey Decimal Classification     AYURVEDA SGT FA-FP Library SGT FA-FP Library Reference Book 27/03/2017 AHUJA PUB 850.00 SGTU 7718   612.015 C15S FA5549 27/03/2017   11/02/2017 Books Restricted Access
    Dewey Decimal Classification     AYURVEDA SGT FA-FP Library SGT FA-FP Library Text Book 27/03/2017 AHUJA PUB 850.00 SGTU 7718   612.015 C15S FA5550 27/03/2017   11/02/2017 Books